000 03057cam a22003855i 4500
999 _c27768
_d27739
001 19393310
003 EG-ScBUE
005 20191121142302.0
008 161202s2018 nyuab f b 001 0 eng d
020 _a9780813349947
035 _a(OCoLC)ocn935988161
040 _aYDXCP
_beng
_erda
_cYDXCP
_dBTCTA
_dBDX
_dOCLCQ
_dCDX
_dOCLCO
_dOCLCF
_dOCLCO
_dUAB
_dJ2H
_dDLC
_dEG-ScBUE
043 _aaw-----
_aff-----
082 0 4 _a320.956
_bGOV
_222
245 0 4 _aThe government and politics of the Middle East and North Africa /
_cedited by Mark Gasiorowski, Sean L. Yom.
250 _aEighth edition.
264 1 _aNew York ;
_aAbingdon, Oxon :
_bRoutledge / Taylor and Francis Group,
_c2018.
300 _aviii, 568 pages :
_billustrations, maps ;
_c23 cm
336 _atext
_btxt
_2rdacontent
337 _aunmediated
_bn
_2rdamedia
338 _avolume
_bnc
_2rdacarrier
504 _aIncludes bibliographical references and index.
505 0 _aPreface -- Introduction : the Middle East and North Africa in comparative perspective / Sean L. Yom -- Syrian Arab Republic / Thomas Pierret -- Republic of Lebanon / William Harris -- Hashemite Kingdom of Jordan / Curtis R. Ryan -- State of Israel / Mira Sucharov and Hamed Mousavi -- Palestine / Glenn E. Robinson -- Republic of Turkey / Henri J. Barkey and Omer Taspinar -- Republic of Iraq / Ariel I. Ahram -- Islamic Republic of Iran / Mark Gasiorowski -- Kingdom of Saudi Arabia / Sebastian Maisel -- Eastern Arabian states : Kuwait, Bahrain, Qatar, United Arab Emirates, and Oman / Jill Crystal -- Republic of Yemen / Stacy Philbrick Yadav -- Arab Republic of Egypt / Joshua Stacher -- State of Libya / Karim Mezran -- Republic of Tunisia / Lindsay J. Benstead -- People's Democratic Republic of Algeria / Azzedine Layachi -- Kingdom of Morocco / Gregory W. White.
520 _aThe Government and Politics of the Middle East and North Africa continues to provide comprehensive, up-to-date coverage of the region's critical contemporary events and issues. Invited specialists contribute authoritative overviews of the government and politics of each country in the Middle East and North Africa. As in previous editions, country chapters are systematically organized to address historical background, social and economic conditions, politics, and foreign policy, and each chapter features an updated data table for easy compare and contrast. The sixth edition has been revised thr.
651 7 _aMiddle East
_xPolitics and government
_y1945-
_2BUEsh
651 7 _aAfrica, North
_xPolitics and government.
_2BUEsh
653 _bMASPPSS
_cNovember2019
655 _vReading book
700 1 _aGasiorowski, Mark J,
_d1954-
_eeditor.
700 1 _aYom, Sean L.
_eeditor.
856 4 2 _3Contributor biographical information
_uhttps://www.loc.gov/catdir/enhancements/fy1703/2016285392-b.html
856 4 2 _3Publisher description
_uhttps://www.loc.gov/catdir/enhancements/fy1703/2016285392-d.html
856 4 1 _3Table of contents only
_uhttps://www.loc.gov/catdir/enhancements/fy1703/2016285392-t.html
942 _2ddc
_cBB